Escritores dominicos del principado de Cataluña / Alberto Collell Costa
Publicado:
Barcelona :
[Ediciones de la Ponencia de Cultura de la Diputación Provincial de Barcelona] ,
1965
Descripción Física:
304 p. : il. ; 25 cm
MARC
| LEADER | 00000nam a2200000Ia 4500 | ||
|---|---|---|---|
| 001 | 11622 | ||
| 008 | 160829s1965 xx 000 0 cat d | ||
| 080 | |a F-1-36 | ||
| 100 | |a Collell Costa, Alberto |9 24357 | ||
| 245 | |a Escritores dominicos del principado de Cataluña / Alberto Collell Costa | ||
| 260 | |a Barcelona : |b [Ediciones de la Ponencia de Cultura de la Diputación Provincial de Barcelona], |c 1965 | ||
| 300 | |a 304 p. : |b il. ; |c 25 cm | ||
| 650 | |a Dominicans |x Catalunya |x Biobibliografia |9 24358 | ||
| 901 | |a Arxiu | ||
| 942 | |n 1 | ||
| 952 | |0 0 |1 0 |4 0 |6 F136 |7 1 |9 43106 |a Arxiu |b Arxiu |d 2016-12-01 |l 0 |o F-1-36 |p 11622 |r 2016-12-01 00:00:00 |w 2016-12-01 |y ARXIU | ||
| 999 | |c 45650 |d 45650 | ||